000 00955cam a2200217 4500
999 _c75677
_d75677
005 20170922133229.0
008 170922b mx ||||| |||| 00| 0 spa d
020 _a9701867300
050 0 4 _aF1219 .56 .C659
_bG66 2002
100 1 _aGonzález-Hermosilla A., Francisco
245 1 3 _aEl Códice de Cholula :
_bla exaltación testimonial de un linaje indio /
_cestudio, paleografía, traducción y notas Francisco González-Hermosillo A. y Luis Reyes García.
250 _a1a ed.
260 _aMéxico :
_bInstituto Nacional de Antropología e Historia :
_bGobierno del estado de Puebla,
_c2002
300 _a155 p. :
_bil. ;
_c31 cm.,
_eincluye códice y 2 laminas
504 _aIncluye bibliografía e índice
650 7 _2LEMB
_aManuscritos Náhuatl
_zCholula (Puebla)
_zMéxico
_vFacsimiles
650 7 _2LEMB
_aCódice Cholula
650 7 _2LEMB
_aAztecas
_xMéxico
_zCholula (Puebla)
_vFuentes
700 1 _aReyes García, Luis,
_eest., paleog., tr. y notas
942 _2lcc
_cLIB